| 000 | 01230nam a2200301 a 4500 | ||
|---|---|---|---|
| 001 | 000016392 | ||
| 003 | DO-SdBNP | ||
| 005 | 20250306130233.0 | ||
| 008 | 100304s1984 dr a r 000 0 spa d | ||
| 040 |
_aDO-SdBNP _bspa _cBNPHU |
||
| 082 |
_a378.007 _bP438i |
||
| 100 | 1 |
_aPérez Marrero, Josefina _925861 |
|
| 245 | 1 | 0 |
_aInvestigaciones universitarias : _b1978 - 1983 / _cJosefina Pérez Marrero. |
| 260 |
_aSanto Domingo : _bUASD, _c1984. |
||
| 300 |
_a654 p. : _bil. ; _c22 cm. |
||
| 490 | 1 |
_aPublicaciones de la Universidad Autónoma de Santo Domingo _v333 |
|
| 490 | 1 |
_aEducación Y Sociedad _v23 |
|
| 500 | _aIncluye datos biográficos del autor en la contracubierta. | ||
| 590 | _aInventariado, 2018/BT | ||
| 650 | 4 |
_aEducación superior _xInvestigaciones _918290 |
|
| 650 | 0 |
_a Ciencia - _xMetodología _93 |
|
| 650 | 4 |
_aProyectos de investigación _912 |
|
| 650 | 4 |
_aPlanificación universitaria _zRepública Dominicana _919531 |
|
| 710 | 1 |
_aUniversidad Autónoma de Santo Domingo _bDirección de Investigaciones Científicas _972951 |
|
| 830 | 0 |
_aPublicaciones de la Universidad Autónoma de Santo Domingo _v333 _pEducación y sociedad; 23 _936555 |
|
| 910 | _aValidado. Control de calidad. EMS | ||
| 942 |
_2ddc _cLBS1 |
||
| 999 |
_c15927 _d15927 |
||